[Event "Sao Paulo Weekly Clube Sao Paulo 1st"]
[Site "Sao Paulo"]
[Date "2016.04.27"]
[Round "5.1"]
[White "Vargas, Goncalo Cintra"]
[Black "Moura, Victor Cavinato"]
[Result "1-0"]
[WhiteElo "2092"]
[BlackElo "2010"]
[PlyCount "55"]
[EventDate "2016.03.30"]
[EventType "swiss"]
[EventRounds "5"]
[EventCountry "BRA"]
[SourceTitle "EXT 2022"]
[Source "ChessBase"]
[SourceDate "2021.10.06"]
[SourceVersion "1"]
[SourceVersionDate "2021.10.06"]
[SourceQuality "1"]

1. Nf3 Nf6 2. d4 d5 3. Bf4 c5 4. e3 Nc6 5. c3 Qb6 6. Qb3 c4 7. Qc2 Bf5 8. Qc1 e6 9. Nbd2 Nh5 10. Be5 f6 11. Bg3 Qd8 12. Be2 Bg4 13. Ng1 Bxe2 14. Nxe2 b5 15. e4 b4 16. Qd1 Qa5 17. 0-0 Be7 18. exd5 exd5 19. Bh4 f5 20. Bxe7 Kxe7 21. Ng3 Nxg3 22. fxg3 Raf8 23. Qf3 Kd7 24. Rfe1 g6 25. cxb4 Nxb4 26. Nxc4 dxc4 27. Qb7+ Kd8 28. Re7 1-0

[Event "Sao Paulo Weekly Clube Sao Paulo 1st"]
[Site "Sao Paulo"]
[Date "2016.04.13"]
[Round "3.1"]
[White "Moura, Victor Cavinato"]
[Black "Blank Goncalves, Eduardo"]
[Result "1-0"]
[WhiteElo "2010"]
[BlackElo "2147"]
[PlyCount "127"]
[EventDate "2016.03.30"]
[EventType "swiss"]
[EventRounds "5"]
[EventCountry "BRA"]
[SourceTitle "EXT 2022"]
[Source "ChessBase"]
[SourceDate "2021.10.06"]
[SourceVersion "1"]
[SourceVersionDate "2021.10.06"]
[SourceQuality "1"]

1. e4 g6 2. Nc3 Bg7 3. f4 d6 4. Bc4 c5 5. Nf3 Nc6 6. 0-0 e6 7. d3 Nge7 8. Qe1 0-0 9. f5 d5 10. Bb3 c4 11. dxc4 dxe4 12. f6 Bxf6 13. Nxe4 Bg7 14. Bg5 f6 15. Rd1 Qa5 16. Bd2 Qc7 17. c5 Kh8 18. Nd6 Nd8 19. Be3 Nf5 20. Nxf5 exf5 21. Nd4 Bd7 22. Bd5 Nc6 23. Bxc6 bxc6 24. Bf4 Qc8 25. Qd2 Re8 26. Rfe1 Re4 27. Ne2 Be8 28. Nc3 Re6 29. Rxe6 Qxe6 30. Re1 Qc4 31. Bd6 Bf7 32. b3 Qh4 33. Bg3 Qb4 34. Bd6 Bd5 35. Re2 Bf7 36. Qd3 Re8 37. Rxe8+ Bxe8 38. Qe3 Bf7 39. g3 Bg8 40. Kf1 h6 41. Ne2 Qe4 42. Qxe4 fxe4 43. Nd4 f5 44. Nxc6 a6 45. Ne7 Be6 46. c6 Bf6 47. Nxg6+ Kg7 48. Nf4 Bc8 49. Nd5 a5 50. c4 Bd4 51. Ne7 Be6 52. c7 Kf7 53. c8Q Bxc8 54. Nxc8 Ke6 55. Bf4 Bc5 56. Bxh6 Kd7 57. Bd2 a4 58. b4 Bd4 59. Na7 Bxa7 60. c5 Kc6 61. h4 Kd5 62. h5 Ke6 63. Bf4 Kf6 64. Ke2 1-0

[Event "Sao Paulo Weekly Clube Sao Paulo 1st"]
[Site "Sao Paulo"]
[Date "2016.04.06"]
[Round "2.3"]
[White "Vieira, Alexandre Letizio"]
[Black "Moura, Victor Cavinato"]
[Result "0-1"]
[WhiteElo "1925"]
[BlackElo "2010"]
[PlyCount "114"]
[EventDate "2016.03.30"]
[EventType "swiss"]
[EventRounds "5"]
[EventCountry "BRA"]
[SourceTitle "EXT 2022"]
[Source "ChessBase"]
[SourceDate "2021.10.06"]
[SourceVersion "1"]
[SourceVersionDate "2021.10.06"]
[SourceQuality "1"]

1. d4 Nf6 2. Nf3 c5 3. c3 e6 4. Bf4 Nc6 5. e3 d5 6. Bd3 Bd6 7. Bg3 0-0 8. Nbd2 Re8 9. Ne5 Bf8 10. Qf3 Nxe5 11. Bxe5 Nd7 12. Qh3 g6 13. Qg3 Nxe5 14. dxe5 Bg7 15. h4 h5 16. f4 Bd7 17. 0-0 Qb6 18. b3 Bb5 19. c4 dxc4 20. bxc4 Rad8 21. Rab1 Rxd3 22. Rxb5 Qc6 23. Nb3 b6 24. Nc1 Rc3 25. Rb3 Rxc4 26. Rd3 Qe4 27. Rd7 Rc3 28. Re1 a5 29. Nb3 Rc2 30. Rd6 a4 31. Nd2 Qb4 32. Rb1 Rb2 33. Rd1 Bf8 34. Rd3 Be7 35. Qf3 Qb5 36. Ne4 c4 37. Rd4 Rb1 38. Nd6 Bxd6 39. exd6 Rxd1+ 40. Qxd1 Qc6 41. e4 f6 42. e5 fxe5 43. fxe5 Qc5 44. Kh1 Qxe5 45. d7 Rd8 46. Rxc4 b5 47. Rc8 Qf6 48. Qd6 Qxh4+ 49. Kg1 Kf7 50. Rc6 Qe1+ 51. Kh2 Qh4+ 52. Kg1 Qe7 53. Qf4+ Kg7 54. Qe5+ Qf6 55. Qc7 Qd4+ 56. Kh1 Rxd7 57. Qb8 Qh4+ 0-1

[Event "Sao Paulo Cordioli Memorial"]
[Site "Sao Paulo"]
[Date "2015.09.07"]
[Round "5"]
[White "Moura, Victor Cavinato"]
[Black "Mendes, Rodrigo Machado"]
[Result "1/2-1/2"]
[WhiteElo "2025"]
[BlackElo "1904"]
[PlyCount "38"]
[EventDate "2015.09.05"]
[EventType "swiss"]
[EventRounds "6"]
[EventCountry "BRA"]
[SourceTitle "EXT 2024"]
[Source "ChessBase"]
[SourceDate "2023.10.10"]
[SourceVersion "1"]
[SourceVersionDate "2023.10.10"]
[SourceQuality "1"]

1. e4 c5 2. Nf3 g6 3. c3 Bg7 4. d4 cxd4 5. cxd4 Nf6 6. e5 Nd5 7. Nc3 Nxc3 8. bxc3 0-0 9. Bd3 d6 10. exd6 Qxd6 11. 0-0 Nc6 12. a4 Rd8 13. Bg5 Bg4 14. h3 Bxf3 15. Qxf3 Ne5 16. dxe5 Qxd3 17. Qxb7 Bxe5 18. Qxe7 Re8 19. Qc5 Qxc3 1/2-1/2

[Event "Sao Paulo Cordioli Memorial"]
[Site "Sao Paulo"]
[Date "2015.09.05"]
[Round "1"]
[White "Moura, Victor Cavinato"]
[Black "Regensteiner, Valter Scheffer"]
[Result "1-0"]
[WhiteElo "2025"]
[BlackElo "1346"]
[PlyCount "39"]
[EventDate "2015.09.05"]
[EventType "swiss"]
[EventRounds "6"]
[EventCountry "BRA"]
[SourceTitle "EXT 2016"]
[Source "ChessBase"]
[SourceDate "2015.10.08"]
[SourceVersion "1"]
[SourceVersionDate "2015.10.08"]
[SourceQuality "1"]

1. Nf3 Nc6 2. d4 d5 3. c4 Nf6 4. Nc3 Be6 5. cxd5 Nxd5 6. e4 Nxc3 7. bxc3 Bg4 8. Bb5 e6 9. Qa4 a6 10. Bxc6+ bxc6 11. Qxc6+ Ke7 12. Ba3+ Kf6 13. e5+ Kg6 14. Qe4+ Bf5 15. Nh4+ Kh5 16. Nxf5 Bxa3 17. g4+ Kg6 18. Ne7+ Kh6 19. Qf4+ g5 20. Qf6# 1-0

[Event "Sao Paulo Cordioli Memorial"]
[Site "Sao Paulo"]
[Date "2015.09.05"]
[Round "2"]
[White "Proudian, Armen"]
[Black "Moura, Victor Cavinato"]
[Result "1-0"]
[WhiteElo "2394"]
[BlackElo "2025"]
[PlyCount "83"]
[EventDate "2015.09.05"]
[EventType "swiss"]
[EventRounds "6"]
[EventCountry "BRA"]
[SourceTitle "EXT 2016"]
[Source "ChessBase"]
[SourceDate "2015.10.08"]
[SourceVersion "1"]
[SourceVersionDate "2015.10.08"]
[SourceQuality "1"]

1. e4 c5 2. Nf3 e6 3. d4 cxd4 4. Nxd4 Nf6 5. Nc3 Nc6 6. Ndb5 Bb4 7. a3 Bxc3+ 8. Nxc3 d5 9. exd5 exd5 10. Bd3 d4 11. Ne2 0-0 12. 0-0 Bg4 13. Bg5 Qd6 14. Bf4 Qd5 15. Re1 Rfe8 16. Qd2 Rac8 17. Ng3 Nh5 18. Be4 Qd7 19. h3 Nxf4 20. Qxf4 Be6 21. Nh5 f6 22. Rad1 Rcd8 23. Rd3 Bf7 24. Ng3 Bg6 25. Red1 Qd6 26. Qh4 Bxe4 27. Nxe4 Qe5 28. Ng3 Rc8 29. Qg4 g6 30. f4 Qc5 31. R1d2 Rc7 32. b4 Qc4 33. Nf5 Rd8 34. Nh4 Rg7 35. Qd1 b5 36. Nf3 Rgd7 37. Kh2 Qa2 38. Rb3 Nb8 39. Re2 Rc8 40. Nxd4 Nc6 41. c3 Qxe2 42. Qxe2 1-0

[Event "Sao Paulo Hebraica op 20th"]
[Site "Sao Paulo"]
[Date "2015.06.04"]
[Round "2"]
[White "Silva, Vinicius Parente"]
[Black "Moura, Victor Cavinato"]
[Result "0-1"]
[WhiteElo "1791"]
[BlackElo "2017"]
[PlyCount "152"]
[EventDate "2015.06.04"]
[EventType "swiss"]
[EventRounds "6"]
[EventCountry "BRA"]
[SourceTitle "CBM 166 Extra"]
[Source "ChessBase"]
[SourceDate "2015.06.18"]
[SourceVersion "1"]
[SourceVersionDate "2015.06.18"]
[SourceQuality "1"]

1. e4 c5 2. Nc3 Nc6 3. g3 g6 4. Bg2 Bg7 5. d3 Nf6 6. f4 d6 7. Nf3 Rb8 8. 0-0 0-0 9. h3 b5 10. a3 a5 11. g4 b4 12. axb4 axb4 13. Ne2 Nd7 14. Qe1 Qb6 15. Kh1 Ba6 16. f5 Nde5 17. Nf4 Ra8 18. Nd5 Qd8 19. Nxe5 Bxe5 20. Bg5 f6 21. Bh6 Rf7 22. Nf4 Bxf4 23. Rxf4 g5 24. Rf2 Ne5 25. Qd2 Bb7 26. Rg1 Ra2 27. b3 Qa8 28. Qe2 Rg7 29. Bxg7 Kxg7 30. h4 Nf7 31. Qe3 gxh4 32. g5 fxg5 33. Rgf1 Kf6 34. Bf3 Ne5 35. Rg1 h6 36. Bh5 Ra1 37. Bd1 Qa3 38. Rfg2 Qc1 39. Qe2 Qf4 40. Qh5 Kg7 41. Rxg5+ hxg5 42. Rxg5+ Qxg5 43. Qxg5+ Kf8 44. Qh6+ Ke8 45. Kg2 Kd8 46. Bf3 Kc7 47. Qxh4 Nc6 48. f6 exf6 49. Qxf6 Ne5 50. Qe7+ Kc6 51. Bh5 Bc8 52. Be8+ Bd7 53. Bf7 Ra2 54. Bd5+ Kc7 55. Be6 Rxc2+ 56. Kg3 Rc3 57. Qg7 Rxd3+ 58. Kf2 Rd4 59. Ke3 Rd3+ 60. Ke2 Rc3 61. Kd2 Nf3+ 62. Kd1 Ne5 63. Kd2 Kc8 64. Qf8+ Kc7 65. Qg7 Rf3 66. Qe7 Rg3 67. Ke2 Rg6 68. Bf5 Rg8 69. Qh7 Rf8 70. Be6 Rf6 71. Bf5 Rf7 72. Qh3 Bxf5 73. exf5 Nc6 74. Kd3 Nd4 75. Ke4 Rxf5 76. Qh7+ Kc6 0-1

[Event "Curitiba IRT op"]
[Site "Curitiba"]
[Date "2013.04.07"]
[Round "6"]
[White "Moura, Victor Cavinato"]
[Black "Proudian, Armen"]
[Result "0-1"]
[WhiteElo "2016"]
[BlackElo "2271"]
[PlyCount "95"]
[EventDate "2013.04.05"]
[EventType "swiss"]
[EventRounds "6"]
[EventCountry "BRA"]
[SourceTitle "CBM 153 Extra"]
[Source "ChessBase"]
[SourceDate "2013.04.22"]
[SourceVersion "1"]
[SourceVersionDate "2013.04.22"]
[SourceQuality "1"]

1. e4 e5 2. Nf3 Nc6 3. Bb5 a6 4. Ba4 Nf6 5. 0-0 Be7 6. Re1 b5 7. Bb3 0-0 8. a4 b4 9. d3 d6 10. a5 Be6 11. Nbd2 Qc8 12. Bc4 Rb8 13. Nf1 Bxc4 14. dxc4 Nd7 15. Be3 Qb7 16. Ng3 Bf6 17. Nh5 Rfe8 18. Qd5 g6 19. Nxf6+ Nxf6 20. Qd3 Nd8 21. Bg5 Nd7 22. Bxd8 Rexd8 23. b3 Nc5 24. Qe3 f6 25. g3 Kg7 26. Re2 Qc6 27. Ne1 Ne6 28. Rd2 Rf8 29. f3 f5 30. Kg2 Rf7 31. Nd3 Nd4 32. Ne1 Rbf8 33. Rxd4 exd4 34. Qxd4+ Kg8 35. Nd3 Qd7 36. Rd1 fxe4 37. fxe4 Qg4 38. Re1 Qf3+ 39. Kg1 Re8 40. Qe3 Qg4 41. Kg2 c5 42. h3 Qe6 43. Nf4 Qe5 44. Nd3 Qc3 45. Re2 Qa1 46. Rf2 Rxf2+ 47. Qxf2 Rxe4 48. Nf4 0-1

[Event "Paulista-chT Interclubes"]
[Site "Sao Paulo"]
[Date "2013.02.??"]
[Round "5"]
[White "Cubas, Jose Fernando"]
[Black "Moura, Victor Cavinato"]
[Result "1-0"]
[WhiteElo "2537"]
[BlackElo "2031"]
[PlyCount "67"]
[EventDate "2013.02.25"]
[EventType "team-tourn"]
[EventRounds "7"]
[EventCountry "BRA"]
[SourceTitle "EXT 2022"]
[Source "ChessBase"]
[SourceDate "2021.10.06"]
[SourceVersion "1"]
[SourceVersionDate "2021.10.06"]
[SourceQuality "1"]
[WhiteTeam "Santos CX"]
[BlackTeam "Sociedade Hebraica II"]
[WhiteTeamCountry "BRA"]
[BlackTeamCountry "BRA"]

1. e4 c5 2. Nf3 e6 3. g3 d5 4. exd5 exd5 5. Bg2 Nf6 6. 0-0 Be7 7. d4 0-0 8. dxc5 Bxc5 9. Nc3 Nc6 10. Bg5 Be6 11. Nd2 Bd4 12. Nb5 Bxb2 13. Rb1 Be5 14. f4 Bb8 15. f5 Bc8 16. Nc3 Ne7 17. Bxf6 gxf6 18. Qh5 Be5 19. Rb4 d4 20. Ne2 Nc6 21. Rb3 Kh8 22. Nf4 Qd7 23. Nd5 Ne7 24. Qh6 Rg8 25. Nxf6 Bxf6 26. Qxf6+ Rg7 27. Ne4 Ng8 28. Qe5 f6 29. Nxf6 Qe7 30. Qxe7 Nxe7 31. Ne8 Rg8 32. Nd6 Rf8 33. g4 h5 34. Rh3 1-0

[Event "Paulista-chT Interclubes"]
[Site "Sao Paulo"]
[Date "2013.02.??"]
[Round "4"]
[White "Moura, Victor Cavinato"]
[Black "Mandetta, Joao Danilo"]
[Result "0-1"]
[WhiteElo "2031"]
[BlackElo "2134"]
[PlyCount "110"]
[EventDate "2013.02.25"]
[EventType "team-tourn"]
[EventRounds "7"]
[EventCountry "BRA"]
[SourceTitle "EXT 2022"]
[Source "ChessBase"]
[SourceDate "2021.10.06"]
[SourceVersion "1"]
[SourceVersionDate "2021.10.06"]
[SourceQuality "1"]
[WhiteTeam "Sociedade Hebraica II"]
[BlackTeam "Santos CX II"]
[WhiteTeamCountry "BRA"]
[BlackTeamCountry "BRA"]

1. e4 c5 2. Nf3 e6 3. d4 cxd4 4. Nxd4 Nc6 5. Nc3 d6 6. Be3 Nf6 7. Qd2 Be7 8. f3 a6 9. 0-0-0 0-0 10. g4 Nd7 11. Kb1 Nxd4 12. Qxd4 b5 13. h4 Ne5 14. Be2 Qa5 15. Qb6 Qxb6 16. Bxb6 b4 17. Na4 Bd7 18. b3 Bb5 19. c4 bxc3 20. Nxc3 Bxe2 21. Nxe2 Nxf3 22. Bc7 Nxh4 23. Bxd6 Bxd6 24. Rxh4 Be5 25. Rdh1 Rfd8 26. Rh5 Rd2 27. Rxe5 Rxe2 28. Rc1 h6 29. Rc2 Re3 30. Rg2 Rd8 31. Ra5 Rd6 32. e5 Rb6 33. g5 h5 34. g6 fxg6 35. Rxg6 Kh7 36. Rg2 Kh6 37. Rc5 Rb4 38. Rc8 Rg4 39. Rh2 Rxe5 40. Rh8+ Kg6 41. Kb2 a5 42. a3 Rg3 43. b4 axb4 44. axb4 Rb5 45. Rh4 Rf5 46. Rh2 Rg4 47. Kc3 Rf3+ 48. Kd2 Rf5 49. Re2 Kf7 50. Rb8 h4 51. Rb6 e5 52. Kc3 h3 53. b5 Rf3+ 54. Kd2 Rg2 55. Rb8 Ra3 0-1

[Event "Paulista-ch zt"]
[Site "Itapetininga"]
[Date "2012.10.14"]
[Round "6"]
[White "Mendonca, Mateus Nakajo"]
[Black "Moura, Victor Cavinato"]
[Result "1-0"]
[WhiteElo "2211"]
[BlackElo "2031"]
[PlyCount "129"]
[EventDate "2012.10.12"]
[EventType "swiss"]
[EventRounds "6"]
[EventCountry "BRA"]
[SourceTitle "CBM 151 Extra"]
[Source "ChessBase"]
[SourceDate "2012.12.18"]
[SourceVersion "1"]
[SourceVersionDate "2012.12.18"]
[SourceQuality "1"]

1. d4 Nf6 2. c4 e5 3. dxe5 Ng4 4. Nf3 Nc6 5. Bf4 Bb4+ 6. Nbd2 Qe7 7. e3 Ngxe5 8. Nxe5 Nxe5 9. Be2 0-0 10. 0-0 a5 11. Bxe5 Qxe5 12. Qc2 Bxd2 13. Qxd2 Ra6 14. Bf3 Rh6 15. g3 b6 16. Rfd1 d6 17. Qd4 Qf5 18. Bg2 Qh5 19. h4 g5 20. hxg5 Qxg5 21. Qd5 Qe7 22. Rd4 Be6 23. Qc6 Rh5 24. b3 Rc5 25. Qe4 Re5 26. Qd3 Re8 27. Rf4 f6 28. Rd1 Bf7 29. Bc6 Bg6 30. Qd4 Rf8 31. Rh4 Rg5 32. Kg2 Qe5 33. f4 Qxd4 34. exd4 Rh5 35. Rxh5 Bxh5 36. Re1 Kg7 37. Kh3 f5 38. a3 Kf6 39. Kg2 Bg6 40. d5 Bf7 41. b4 Rb8 42. Kf2 axb4 43. axb4 Rg8 44. Ra1 Ke7 45. Ra7 Kd8 46. c5 bxc5 47. bxc5 Rf8 48. cxd6 cxd6 49. Rd7+ Kc8 50. Rxd6 Bg6 51. Re6 Kc7 52. Ke3 Rb8 53. Kd4 Rb3 54. Ke5 Re3+ 55. Kf6 Rxg3 56. Ke7 Rd3 57. Ba8 Kb8 58. d6 Kxa8 59. d7 Rxd7+ 60. Kxd7 Kb7 61. Rf6 Kb8 62. Rb6+ Ka7 63. Kc7 Be8 64. Re6 Bb5 65. Re5 1-0

[Event "Paulista-ch zt"]
[Site "Itapetininga"]
[Date "2012.10.13"]
[Round "4"]
[White "De Carvalho, Igor Lorenzon"]
[Black "Moura, Victor Cavinato"]
[Result "1/2-1/2"]
[WhiteElo "1874"]
[BlackElo "2031"]
[PlyCount "97"]
[EventDate "2012.10.12"]
[EventType "swiss"]
[EventRounds "6"]
[EventCountry "BRA"]
[SourceTitle "CBM 151 Extra"]
[Source "ChessBase"]
[SourceDate "2012.12.18"]
[SourceVersion "1"]
[SourceVersionDate "2012.12.18"]
[SourceQuality "1"]

1. d4 Nf6 2. Nf3 g6 3. c4 Bg7 4. Nc3 0-0 5. Bf4 d6 6. h3 b6 7. e3 c5 8. d5 Na6 9. Be2 Nc7 10. 0-0 Rb8 11. e4 Nd7 12. Bh2 a6 13. a4 Ne8 14. h4 Nef6 15. Ne1 Ne5 16. Nf3 Nxf3+ 17. Bxf3 h5 18. e5 Ng4 19. Bxg4 Bxg4 20. f3 Bc8 21. Qe2 Qc7 22. Rfe1 Bxe5 23. Bxe5 dxe5 24. Qxe5 Qxe5 25. Rxe5 e6 26. dxe6 Bxe6 27. Nd5 Bxd5 28. Rxd5 Rfd8 29. Rad1 Rxd5 30. Rxd5 Rb7 31. Kf2 Kf8 32. b3 Ke7 33. a5 bxa5 34. Rxc5 Rxb3 35. Rxa5 Rb6 36. Ke3 Kd7 37. g4 hxg4 38. fxg4 Rc6 39. Kd4 Rf6 40. Ke5 Re6+ 41. Kf4 Rc6 42. Kg5 Rxc4 43. Rxa6 Ke7 44. Ra7+ Kf8 45. h5 gxh5 46. gxh5 Kg8 47. Ra8+ Kh7 48. Ra7 Kg8 49. Ra8+ 1/2-1/2

[Event "Paulista-ch zt"]
[Site "Itapetininga"]
[Date "2012.10.12"]
[Round "2"]
[White "Ogashawara, Bruno Akira"]
[Black "Moura, Victor Cavinato"]
[Result "0-1"]
[WhiteElo "1768"]
[BlackElo "2031"]
[PlyCount "106"]
[EventDate "2012.10.12"]
[EventType "swiss"]
[EventRounds "6"]
[EventCountry "BRA"]
[SourceTitle "CBM 151 Extra"]
[Source "ChessBase"]
[SourceDate "2012.12.18"]
[SourceVersion "1"]
[SourceVersionDate "2012.12.18"]
[SourceQuality "1"]

1. d4 Nf6 2. c4 e5 3. dxe5 Ng4 4. Nf3 Bb4+ 5. Nbd2 Nc6 6. e3 Ngxe5 7. Be2 0-0 8. 0-0 a5 9. a3 Bxd2 10. Bxd2 a4 11. Bc3 Qe7 12. Nd4 d6 13. Qc2 Re8 14. Rad1 Bd7 15. Nb5 Be6 16. Bd4 Na5 17. Bxe5 dxe5 18. Qxa4 c6 19. Nd6 Nxc4 20. Qb4 Nxd6 21. Qxd6 Bb3 22. Qxe7 Rxe7 23. Rd6 Kf8 24. Bd1 Bd5 25. Bc2 Rc7 26. f4 e4 27. Rd1 Ke7 28. R6xd5 cxd5 29. Bb3 Rd8 30. Rxd5 Rxd5 31. Bxd5 f5 32. Bb3 Rc1+ 33. Kf2 Rb1 34. Bd5 Kd6 35. Bg8 h6 36. b3 Rb2+ 37. Kf1 b5 38. a4 bxa4 39. bxa4 Rb4 40. Bh7 Ke6 41. g4 fxg4 42. a5 Ra4 43. a6 Kf6 44. Bg8 Rxa6 45. Bd5 Ra4 46. Kf2 h5 47. Bc6 Rc4 48. Bb5 Rc2+ 49. Kg1 Rb2 50. Bc6 Re2 51. Bxe4 Rxe3 52. Bc6 Kf5 53. Kf2 Kxf4 0-1

[Event "BRA-ch Amateur"]
[Site "Goiania"]
[Date "2012.02.18"]
[Round "2"]
[White "Moura, Victor Cavinato"]
[Black "Andor, Jorge"]
[Result "1-0"]
[WhiteElo "2013"]
[BlackElo "1832"]
[PlyCount "39"]
[EventDate "2012.02.18"]
[EventType "swiss"]
[EventRounds "7"]
[EventCountry "BRA"]
[SourceTitle "CBM 147 Extra"]
[Source "ChessBase"]
[SourceDate "2012.04.24"]
[SourceVersion "1"]
[SourceVersionDate "2012.04.24"]
[SourceQuality "1"]

1. e4 c5 2. f4 Nc6 3. Nf3 d6 4. Bc4 Nf6 5. Nc3 a6 6. a4 g6 7. 0-0 Bg7 8. d3 0-0 9. f5 gxf5 10. Qe1 e6 11. exf5 d5 12. Ba2 b5 13. Bg5 b4 14. Nd1 Qc7 15. Qh4 Ne7 16. Ne3 d4 17. Bxf6 Bxf6 18. Qxf6 dxe3 19. Ng5 e2 20. Qh6 1-0

[Event "BRA-ch Amateur"]
[Site "Goiania"]
[Date "2012.02.18"]
[Round "1"]
[White "Okada, Dyogo Koithi"]
[Black "Moura, Victor Cavinato"]
[Result "0-1"]
[WhiteElo "1710"]
[BlackElo "2013"]
[PlyCount "60"]
[EventDate "2012.02.18"]
[EventType "swiss"]
[EventRounds "7"]
[EventCountry "BRA"]
[SourceTitle "CBM 147 Extra"]
[Source "ChessBase"]
[SourceDate "2012.04.24"]
[SourceVersion "1"]
[SourceVersionDate "2012.04.24"]
[SourceQuality "1"]

1. e4 c5 2. Nf3 d6 3. d4 cxd4 4. Nxd4 Nf6 5. Nc3 g6 6. Be3 Bg7 7. f3 Nc6 8. Qd2 0-0 9. g4 d5 10. 0-0-0 dxe4 11. Kb1 Nxd4 12. Bxd4 exf3 13. Qf4 Qa5 14. Bh3 Be6 15. Rhf1 Rfd8 16. Rxf3 Rac8 17. g5 Nh5 18. Qe4 Rxc3 19. bxc3 Qxa2+ 20. Kc1 Qa3+ 21. Kd2 Bxh3 22. Rxh3 Rxd4+ 23. cxd4 Qxh3 24. Qxe7 Qxh2+ 25. Kc3 Qg2 26. Re1 Bf8 27. Qd8 Nf4 28. Re8 Qc6+ 29. Kd2 Ne6 30. Qe7 Qd5 0-1